000
00293nam a22001217a 4500
003
OSt
005
20230613090601.0
008
220804b xxu||||| |||| 00| 0 eng d
040
_c
IIMT UNIVERSITY
100
_a
PANDIT SHRI RAM SHARMA ACHRYA
245
_a
MARYADA PURSHOTAM RAM
942
_2
ddc
_c
09
999
_c
54715
_d
54715